000 00482nam a2200157 i 4500
001 28372
003 ES-MaACL
007 t|
008 030117s1888 ddr ||||1| fre d
100 1 _aBaedeker, Karl.
_924575
245 1 0 _aBelgique et Hollande y compris le Luxembourg
_b: manuel du voyageur /
_cpar Karl Baedeker.
250 _a13eme ed.
260 _aLeipzig :
_bKarl Baedeker,
_c1888.
300 _aXXXVI, 384 p. :
_b12 map., 19 plan. ;
_c16 cm.
852 _aES-MaACL
_jG-13716
999 _c28372
_d28372